Akkamahadevinchi Vachan Sumane (Record no. 363901)

MARC details
000 -LEADER
fixed length control field 003280000a22001450004500
005 - DATE AND TIME OF LATEST TRANSACTION
control field 20120302065113.0
040 ## - CATALOGING SOURCE
Original cataloging agency Mar
100 ## - MAIN ENTRY--PERSONAL NAME
Personal name
--
Numeration
Titles and other words associated with a name
245 ## - TITLE STATEMENT
Title Akkamahadevinchi Vachan Sumane
260 ## - PUBLICATION, DISTRIBUTION, ETC. (IMPRINT)
Place of publication, distribution, etc Belgaon:Shree.Shreeshail Somling Dodmani
300 ## - PHYSICAL DESCRIPTION
Extent 190p
365 ## - TRADE PRICE
Price amount 100/-
650 ## - SUBJECT ADDED ENTRY--TOPICAL TERM
Topical term or geographic name as entry element Santavangmay
942 ## - ADDED ENTRY ELEMENTS (KOHA)
Koha item type Book
Holdings
Withdrawn status Lost status Damaged status Not for loan Home library Current library Date acquired Total Checkouts Barcode Date last seen Price effective from
        Institute For Oriental Study, Thane Institute For Oriental Study, Thane 12/02/2009   IOS-M 24956 12/02/2009 12/02/2009